000 00654nam a2200241Ia 4500
003 OSt
005 20221005115026.0
006 a|||||r|||| 00| 0
007 ta
008 221004b |||||||| |||| 00| 0 eng d
024 _a34596
037 _cTextual
040 _aCRL
_cCRL
_beng
041 _2eng
_aeng
082 _aO:1K67a, K2 BB
100 _aScouten Arthur H Ed.
_9627006
245 0 _aBibliography of the writings of Jonathan Swift rev by H Teerink
250 _a2nd
260 _c1962
650 _aSWIFT, JONATHAN
_920128
942 _hO:1K67a, K2 BB
_cTEXL
_2cc
999 _c1033212
_d1033212